Toutes les communes de la Charente-Maritime sur une carte - Statistiques

Statistiques générales
  • Ce quiz a été pris 839 fois
    490 depuis la dernière actualisation
  • Le résultat moyen est 72 sur 462
Réponses sur la Carte
Les réponses sont colorées sur une échelle allant du rouge au vert en fonction du pourcentage des utilisateurs qui les ont devinées à leur premier essai. Vous pouvez retrouver ces pourcentages ci-dessous.
 
Statistiques - réponses
Commune % Correct
La Rochelle
96%
Royan
86%
Saintes
86%
Rochefort
85%
Saint-Martin-d'Ary
74%
Saint-Martin-de-Coux
74%
Saint-Martin-de-Juillers
74%
Saint-Martin-de-Ré
74%
Saint-Jean-d'Angély
73%
Saint-Jean-d'Angle
73%
Saint-Jean-de-Liversay
73%
Saint-Pierre-d'Amilly
73%
Saint-Pierre-de-Juillers
73%
Saint-Pierre-de-l'Isle
73%
Saint-Pierre-d'Oléron
73%
Saint-Pierre-du-Palais
73%
Saint-Pierre-La-Noue
73%
Fouras
64%
Aytré
63%
Saint-Georges-Antignac
63%
Saint-Georges-de-Didonne
63%
Saint-Georges-des-Agoûts
63%
Saint-Georges-des-Coteaux
63%
Saint-Georges-d'Oléron
63%
Saint-Georges-du-Bois
63%
Jonzac
62%
Marennes-Hiers-Brouage
59%
Châtelaillon-Plage
56%
Ars-en-Ré
55%
Île-d'Aix
53%
Pons
53%
Surgères
52%
La Tremblade
50%
Angoulins
48%
Saint-Palais-de-Négrignac
48%
Saint-Palais-de-Phiolin
48%
Saint-Palais-sur-Mer
48%
Sainte-Marie-de-Ré
47%
Marans
45%
Lagord
44%
Nieul-lès-Saintes
43%
Nieul-le-Virouil
43%
Nieul-sur-Mer
43%
Saint-Denis-d'Oléron
43%
Périgny
42%
Saujon
42%
Dolus-d'Oléron
41%
La Flotte
40%
Tonnay-Boutonne
40%
Tonnay-Charente
40%
Aigrefeuille-d'Aunis
39%
Puilboreau
39%
Le Château-d'Oléron
38%
Les Mathes
38%
Rivedoux-Plage
38%
Le Bois-Plage-en-Ré
36%
Saint-Clément-des-Baleines
36%
Dompierre-sur-Charente
35%
Dompierre-sur-Mer
35%
Saint-Trojan-les-Bains
35%
Matha
34%
Talmont-sur-Gironde
34%
Bourcefranc-le-Chapus
33%
Saint-Xandre
33%
Yves
33%
Gémozac
32%
La Jarrie
32%
La Jarne
31%
La Jarrie-Audouin
31%
Les Portes-en-Ré
31%
Montendre
31%
Vaux-sur-Mer
31%
L'Houmeau
30%
Saint-Laurent-de-la-Prée
30%
Loix
29%
Meschers-sur-Gironde
29%
Marsilly
28%
Mirambeau
27%
Port-des-Barques
27%
Saint-Sulpice-d'Arnoult
27%
Saint-Sulpice-de-Royan
27%
Sainte-Soulle
26%
Breuil-la-Réorte
25%
Breuil-Magné
25%
La Couarde-sur-Mer
25%
Charron
24%
Mornac-sur-Seudre
24%
Pont-l'Abbé-d'Arnoult
24%
Saint-Hilaire-de-Villefranche
24%
Saint-Hilaire-du-Bois
24%
Arvert
23%
Bois
23%
Esnandes
23%
Mortagne-sur-Gironde
23%
Saint-Savinien
23%
Andilly
22%
Cozes
22%
Échillais
22%
Le Gua
22%
Saint-Agnant
22%
Saint-Porchaire
21%
Chaniers
20%
Jarnac-Champagne
20%
Soubise
20%
Courçon
19%
La Brée-les-Bains
19%
Saint-Rogatien
19%
Villedoux
19%
Beurlay
18%
Médis
18%
Saint-André-de-Lidon
18%
Saint-Genis-de-Saintonge
18%
Saint-Germain-de-Lusignan
18%
Saint-Germain-de-Vibrac
18%
Saint-Germain-du-Seudre
18%
Saint-Just-Luzac
18%
Saint-Sauveur-d'Aunis
18%
Saint-Vivien
18%
Thénac
18%
Les Gonds
17%
Montguyon
17%
Saint-Augustin
17%
Salles-sur-Mer
17%
Vérines
17%
Aulnay
16%
Corme-Royal
16%
Le Grand-Village-Plage
16%
Le Thou
16%
Saint-Christophe
16%
Thairé
16%
Villeneuve-la-Comtesse
16%
Benon
15%
Burie
15%
Chermignac
15%
Saint-Julien-de-l'Escap
15%
Saint-Ouen-d'Aunis
15%
Saint-Ouen-la-Thène
15%
Saint-Romain-de-Benet
15%
Saint-Thomas-de-Conac
15%
Semussac
15%
Bords
14%
Breuillet
14%
Bussac-Forêt
14%
Bussac-sur-Charente
14%
Croix-Chapeau
14%
Écoyeux
14%
Étaules
14%
Nancras
14%
Pisany
14%
Port-d'Envaux
14%
Saint-Médard
14%
Saint-Médard-d'Aunis
14%
Saint-Nazaire-sur-Charente
14%
Archiac
13%
Bourgneuf
13%
Ferrières
13%
Meursac
13%
Moëze
13%
Sablonceaux
13%
Saint-Hippolyte
13%
Saint-Simon-de-Bordes
13%
Saint-Simon-de-Pellouaille
13%
Tesson
13%
Trizay
13%
Vergeroux
13%
Ballon
12%
Chaillevette
12%
Fontcouverte
12%
L'Éguille
12%
Muron
12%
Saint-Sever-de-Saintonge
12%
Bouhet
11%
Brie-sous-Archiac
11%
Brie-sous-Matha
11%
Brie-sous-Mortagne
11%
Cabariot
11%
Champagne
11%
Ciré-d'Aunis
11%
Clavette
11%
Corme-Écluse
11%
Nieulle-sur-Seudre
11%
Pessines
11%
Rétaud
11%
Saint-Léger
11%
Taillebourg
11%
Varzay
11%
Angliers
10%
Balanzac
10%
Brizambourg
10%
Épargnes
10%
Montlieu-la-Garde
10%
Pérignac
10%
Rioux
10%
Saint-Cyr-du-Doret
10%
Sainte-Gemme
10%
Saint-Fort-sur-Gironde
10%
Arces
9%
Avy
9%
Berneuil
9%
Chambon
9%
Courcoury
9%
Cravans
9%
Crazannes
9%
Écurat
9%
Floirac
9%
La Clisse
9%
La Jard
9%
Le Chay
9%
Loire-les-Marais
9%
Loiré-sur-Nie
9%
Longèves
9%
Loulay
9%
Montroy
9%
Nuaillé-d'Aunis
9%
Saint-Aigulin
9%
Saint-Dizant-du-Bois
9%
Saint-Dizant-du-Gua
9%
Saint-Froult
9%
Saint-Martial
9%
Saint-Martial-de-Mirambeau
9%
Saint-Martial-de-Vitaterne
9%
Saint-Martial-sur-Né
9%
Saint-Saturnin-du-Bois
9%
Saint-Sauvant
9%
Saint-Sornin
9%
Soulignonne
9%
Villars-en-Pons
9%
Villars-les-Bois
9%
Vouhé
9%
Anais
8%
Ardillières
8%
Authon-Ébéon
8%
Barzan
8%
Beaugeay
8%
Bedenac
8%
Blanzac-lès-Matha
8%
Bougneau
8%
Chérac
8%
Chevanceaux
8%
Cramchaban
8%
Forges
8%
La Chapelle-des-Pots
8%
La Laigne
8%
La Ronde
8%
Le Douhet
8%
Lussant
8%
Marignac
8%
Préguillac
8%
Saint-Bonnet-sur-Gironde
8%
Saint-Césaire
8%
Saint-Ciers-Champagne
8%
Saint-Ciers-du-Taillon
8%
Thézac
8%
Annepont
7%
Asnières-la-Giraud
7%
Aujac
7%
Boutenac-Touvent
7%
Brives-sur-Charente
7%
Champagnac
7%
Champagnolles
7%
Chenac-Saint-Seurin-d'Uzet
7%
Courpignac
7%
Genouillé
7%
Grézac
7%
Landrais
7%
Lorignac
7%
Montils
7%
Mosnac
7%
Orignolles
7%
Ozillac
7%
Plassac
7%
Rouffiac
7%
Sainte-Même
7%
Sainte-Radegonde
7%
Saint-Mard
7%
Saint-Vaize
7%
Semoussac
7%
Taugon
7%
Thaims
7%
Virson
7%
Allas-Bocage
6%
Allas-Champagne
6%
Archingeay
6%
Aumagne
6%
Beauvais-sur-Matha
6%
Chadenac
6%
Clam
6%
Clérac
6%
Clion
6%
Dampierre-sur-Boutonne
6%
Fenioux
6%
Fléac-sur-Seugne
6%
La Genétouze
6%
La Gripperie-Saint-Symphorien
6%
Le Gué-d'Alleré
6%
Les Églises-d'Argenteuil
6%
Les Essards
6%
Lussac
6%
Mérignac
6%
Migron
6%
Montpellier-de-Médillan
6%
Moragne
6%
Néré
6%
Neuvicq
6%
Neuvicq-le-Château
6%
Puyravault
6%
Réaux sur Trèfle
6%
Rouffignac
6%
Saint-Félix
6%
Saint-Seurin-de-Palenne
6%
Saint-Sorlin-de-Conac
6%
Siecq
6%
Soubran
6%
Thors
6%
Varaize
6%
Vénérand
6%
Agudelle
5%
Arthenac
5%
Belluire
5%
Bercloux
5%
Bernay-Saint-Martin
5%
Bignay
5%
Biron
5%
Boisredon
5%
Bran
5%
Cercoux
5%
Chepniers
5%
Colombiers
5%
Corignac
5%
Coux
5%
Fontaines-d'Ozillac
5%
Geay
5%
Germignac
5%
Givrezac
5%
Grandjean
5%
Juicq
5%
La Brousse
5%
La Clotte
5%
Landes
5%
La Vallée
5%
La Vergne
5%
Le Fouilloux
5%
Le Mung
5%
Léoville
5%
Le Seure
5%
Les Nouillers
5%
Les Touches-de-Périgny
5%
Luchat
5%
Marsais
5%
Mazeray
5%
Meux
5%
Mons
5%
Plassay
5%
Prignac
5%
Puy-du-Lac
5%
Romegoux
5%
Saint-Bris-des-Bois
5%
Saint-Coutant-le-Grand
5%
Saint-Crépin
5%
Sainte-Colombe
5%
Saint-Maigrin
5%
Salignac-de-Mirambeau
5%
Salignac-sur-Charente
5%
Sonnac
5%
Sousmoulins
5%
Tugéras-Saint-Maurice
5%
Vibrac
5%
Villiers-Couture
5%
Virollet
5%
Bagnizeau
4%
Ballans
4%
Bazauges
4%
Boresse-et-Martron
4%
Boscamnant
4%
Bresdon
4%
Celles
4%
Chamouillac
4%
Champdolent
4%
Chartuzac
4%
Chatenet
4%
Cherbonnières
4%
Coivert
4%
Coulonges
4%
Courcerac
4%
Essouvert
4%
Guitinières
4%
Jussas
4%
La Barde
4%
La Grève-sur-Mignon
4%
La Villedieu
4%
Le Pin
4%
Massac
4%
Polignac
4%
Pommiers-Moulons
4%
Pouillac
4%
Sainte-Lheurine
4%
Saint-Grégoire-d'Ardennes
4%
Saint-Loup
4%
Saint-Quantin-de-Rançanne
4%
Souméras
4%
Taillant
4%
Tanzac
4%
Torxé
4%
Villexavier
4%
Annezay
3%
Antezant-la-Chapelle
3%
Chantemerle-sur-la-Soie
3%
Chives
3%
Consac
3%
Contré
3%
Courcelles
3%
Cressé
3%
Dœuil-sur-le-Mignon
3%
Échebrune
3%
Expiremont
3%
Fontaine-Chalendray
3%
Fontenet
3%
Gibourne
3%
Haimps
3%
Jazennes
3%
La Devise
3%
Lonzac
3%
Louzignac
3%
Macqueville
3%
Mazerolles
3%
Messac
3%
Mortiers
3%
Nachamps
3%
Nantillé
3%
Neuillac
3%
Neulles
3%
Paillé
3%
Sainte-Ramée
3%
Saint-Eugène
3%
Saint-Sigismond-de-Clermont
3%
Semillac
3%
Vanzac
3%
Vervant
3%
Blanzay-sur-Boutonne
2%
Chaunac
2%
Cierzac
2%
Courant
2%
Gourvillette
2%
La Croix-Comtesse
2%
Le Gicq
2%
Les Éduts
2%
Lozay
2%
Poursay-Garnaud
2%
Puyrolland
2%
Romazières
2%
Saint-Mandé-sur-Brédoire
2%
Saint-Pardoult
2%
Saint-Séverin-sur-Boutonne
2%
Saleignes
2%
Seigné
2%
Ternant
2%
Vergné
2%
Vinax
2%
Voissay
2%
Migré
1%
Rives-de-Boutonne
1%
Villemorin
1%
Aucun quiz correspondant
Distribution des résultats
% des personnes avec chaque résultat
Percentile par nombre de réponses
Votre historique - résultats
Vous n’avez pas pris ce quiz depuis la dernière actualisation